[Event "Lleida Region-ch"]
[Site "Lleida"]
[Date "2021.11.28"]
[Round "8"]
[White "Siso Ribes, Genis Alfred"]
[Black "Alba Tarradelles, Jose"]
[Result "1-0"]
[WhiteElo "1665"]
[BlackElo "1818"]
[PlyCount "49"]
[EventDate "2021.10.03"]
[EventType "swiss"]
[EventRounds "8"]
[EventCountry "ESP"]
[SourceTitle "EXT 2023"]
[Source "ChessBase"]
[SourceDate "2022.10.05"]
[SourceVersion "1"]
[SourceVersionDate "2022.10.05"]
[SourceQuality "1"]

1. e4 e6 2. d4 d5 3. Nc3 Bb4 4. e5 c5 5. a3 Bxc3+ 6. bxc3 Ne7 7. Qg4 Qc7 8. Qxg7 Rg8 9. Qxh7 cxd4 10. Ne2 dxc3 11. h4 Bd7 12. h5 Na6 13. h6 Nc5 14. Qxg8+ Nxg8 15. h7 0-0-0 16. h8Q Nd3+ 17. cxd3 Ne7 18. Qf6 Ng6 19. d4 Ba4 20. Qf3 Nxe5 21. dxe5 d4 22. Nxd4 Qxe5+ 23. Be2 Rxd4 24. Qxc3+ Bc6 25. Bb2 1-0

[Event "Lleida Region-ch"]
[Site "Lleida"]
[Date "2021.11.14"]
[Round "6"]
[White "Cortiella Valles, Roger"]
[Black "Alba Tarradelles, Jose"]
[Result "1/2-1/2"]
[WhiteElo "1894"]
[BlackElo "1818"]
[PlyCount "116"]
[EventDate "2021.10.03"]
[EventType "swiss"]
[EventRounds "8"]
[EventCountry "ESP"]
[SourceTitle "EXT 2023"]
[Source "ChessBase"]
[SourceDate "2022.10.05"]
[SourceVersion "1"]
[SourceVersionDate "2022.10.05"]
[SourceQuality "1"]

1. e4 e6 2. d3 d5 3. Nd2 c5 4. Ngf3 Nc6 5. g3 Nf6 6. Bg2 b5 7. 0-0 Be7 8. Re1 0-0 9. e5 Nd7 10. Nf1 Bb7 11. h4 a5 12. N1h2 Re8 13. h5 h6 14. Ng4 f5 15. exf6 Bxf6 16. Nxf6+ Qxf6 17. Nh4 Rf8 18. Bf4 Nd4 19. Qg4 Rae8 20. Rac1 Bc6 21. Ng6 Rf7 22. c3 Nf5 23. Ne5 Nxe5 24. Rxe5 Rfe7 25. Rce1 Nd6 26. Bh3 Bd7 27. Qe2 Nf7 28. Re3 e5 29. Bxd7 Rxd7 30. Bxe5 Qf5 31. Bf4 Rf8 32. Re8 Rd8 33. Re7 c4 34. d4 Nd6 35. Bxd6 Rxd6 36. Re8 Rxe8 37. Qxe8+ Kh7 38. Qe5 Qd7 39. Qe8 Qg4 40. Qxb5 Qxh5 41. Qxa5 Rf6 42. Qa4 Qf3 43. Qc2+ Kg8 44. Qe2 Qf5 45. a4 h5 46. Kg2 h4 47. a5 hxg3 48. fxg3 Rh6 49. Rh1 Re6 50. Qf2 Qg4 51. Rh4 Qg5 52. Qf4 Re2+ 53. Kf3 Qe7 54. Qb8+ Kf7 55. Rf4+ Kg6 56. Qb6+ Re6 57. Rg4+ Kh6 58. Rh4+ Kg6 1/2-1/2

[Event "Lleida Region-ch"]
[Site "Lleida"]
[Date "2021.11.07"]
[Round "5"]
[White "Alba Tarradelles, Jose"]
[Black "Subarroca Blanch, Francesco"]
[Result "1/2-1/2"]
[WhiteElo "1818"]
[BlackElo "1789"]
[PlyCount "95"]
[EventDate "2021.10.03"]
[EventType "swiss"]
[EventRounds "8"]
[EventCountry "ESP"]
[SourceTitle "EXT 2023"]
[Source "ChessBase"]
[SourceDate "2022.10.05"]
[SourceVersion "1"]
[SourceVersionDate "2022.10.05"]
[SourceQuality "1"]

1. d4 d5 2. c4 dxc4 3. Nc3 Nf6 4. Nf3 e6 5. e4 Be7 6. Bxc4 0-0 7. 0-0 a6 8. Bg5 b5 9. Bd3 Bb7 10. e5 Nd5 11. Bxe7 Qxe7 12. Rc1 f5 13. exf6 Qxf6 14. Ne4 Qe7 15. Nc5 Ra7 16. Nxb7 Rxb7 17. Ne5 Nd7 18. Nxd7 Qxd7 19. Be4 c6 20. Qc2 Rc7 21. Bxh7+ Kh8 22. Be4 Rf6 23. Qd3 Nf4 24. Qe3 Rc8 25. Rc2 Nd5 26. Qg3 Rcf8 27. a3 Nf4 28. Qc3 Rc8 29. g3 Nd5 30. Qd3 Rh6 31. Rfc1 Rf6 32. Bxd5 Qxd5 33. Rc5 Qd7 34. Qe4 Rd8 35. Rxc6 Qxd4 36. Qxd4 Rxd4 37. Rxa6 Rd2 38. f4 Rxb2 39. Re1 Rh6 40. h4 Rb3 41. Kf2 Rg6 42. Raxe6 Rgxg3 43. R6e3 Rbxe3 44. Rxe3 Rg4 45. Rb3 Rxf4+ 46. Kg3 Ra4 47. Rxb5 Rxa3+ 48. Kg4 1/2-1/2

[Event "Lleida-ch"]
[Site "Almenar"]
[Date "2018.11.25"]
[Round "8"]
[White "Ribera Veganzones, Josep Maria"]
[Black "Alba Tarradelles, Jose"]
[Result "1-0"]
[WhiteElo "1792"]
[BlackElo "1822"]
[PlyCount "61"]
[EventDate "2018.09.30"]
[EventType "swiss"]
[EventRounds "9"]
[EventCountry "ESP"]
[SourceTitle "CBM 187 Extra"]
[Source "ChessBase"]
[SourceDate "2018.11.04"]
[SourceVersion "1"]
[SourceVersionDate "2018.11.04"]
[SourceQuality "1"]

1. e4 e6 2. d4 d5 3. Nd2 dxe4 4. Nxe4 Nd7 5. Nf3 Ngf6 6. Nxf6+ Nxf6 7. g3 Bd7 8. Ne5 Bd6 9. Bg2 Rb8 10. Bg5 Be7 11. 0-0 0-0 12. c4 c5 13. dxc5 Be8 14. Qxd8 Bxd8 15. b4 h6 16. Be3 Bc7 17. Bd4 Ba4 18. Rfe1 Rfd8 19. Bc3 Ne8 20. c6 bxc6 21. Nxc6 Bxc6 22. Bxc6 Rd3 23. Rac1 Nd6 24. c5 Nf5 25. Be4 Rd7 26. c6 Rdd8 27. Bxf5 exf5 28. Be5 Bxe5 29. Rxe5 Rxb4 30. c7 Rc8 31. Rd5 1-0

[Event "Lleida-ch"]
[Site "Almenar"]
[Date "2018.11.18"]
[Round "7"]
[White "Alba Tarradelles, Jose"]
[Black "Bonet Verdu, Marcel"]
[Result "0-1"]
[WhiteElo "1822"]
[BlackElo "1715"]
[PlyCount "96"]
[EventDate "2018.09.30"]
[EventType "swiss"]
[EventRounds "9"]
[EventCountry "ESP"]
[SourceTitle "CBM 187 Extra"]
[Source "ChessBase"]
[SourceDate "2018.11.04"]
[SourceVersion "1"]
[SourceVersionDate "2018.11.04"]
[SourceQuality "1"]

1. d4 f5 2. g3 Nf6 3. Bg2 e6 4. Nf3 d5 5. 0-0 Bd6 6. b3 Qe7 7. c4 c6 8. Nc3 0-0 9. Bb2 b6 10. Rc1 Bb7 11. cxd5 exd5 12. e3 Ne4 13. Qc2 Na6 14. Nxe4 fxe4 15. Ne5 Nb4 16. Qd2 Bxe5 17. dxe5 Nxa2 18. Ra1 Nb4 19. Ba3 a5 20. f3 exf3 21. Bxf3 Ba6 22. Bxb4 axb4 23. Bxd5+ cxd5 24. Qxd5+ Kh8 25. Rxf8+ Qxf8 26. Qd6 Bb5 27. Rd1 Qxd6 28. Rxd6 Re8 29. e6 Kg8 30. Rxb6 Bd3 31. g4 Bc2 32. Rxb4 Rxe6 33. Kf2 Kf7 34. h4 Bd1 35. Rf4+ Rf6 36. Rxf6+ Kxf6 37. b4 Bxg4 38. Kg3 Bd7 39. Kf4 g6 40. e4 h6 41. e5+ Ke6 42. Ke4 g5 43. hxg5 hxg5 44. Kd4 Bc6 45. Kc5 Bf3 46. Kd4 g4 47. b5 g3 48. Ke3 g2 0-1

[Event "Lleida-ch"]
[Site "Almenar"]
[Date "2018.10.07"]
[Round "2"]
[White "Urpi Torrents, Ramon"]
[Black "Alba Tarradelles, Jose"]
[Result "1-0"]
[WhiteElo "1804"]
[BlackElo "1822"]
[PlyCount "97"]
[EventDate "2018.09.30"]
[EventType "swiss"]
[EventRounds "9"]
[EventCountry "ESP"]
[SourceTitle "CBM 187 Extra"]
[Source "ChessBase"]
[SourceDate "2018.11.04"]
[SourceVersion "1"]
[SourceVersionDate "2018.11.04"]
[SourceQuality "1"]

1. Nf3 Nf6 2. c4 e6 3. g3 d5 4. Bg2 Nbd7 5. 0-0 Be7 6. Nc3 0-0 7. b3 c5 8. cxd5 Nxd5 9. Nxd5 exd5 10. d4 b5 11. dxc5 Nxc5 12. Nd4 Bf6 13. Ba3 b4 14. Bxb4 Qb6 15. Bxc5 Qxc5 16. e3 Ba6 17. Re1 Rac8 18. Rc1 Qa5 19. a4 Rxc1 20. Qxc1 Rc8 21. Qd1 g6 22. Bf1 Bxf1 23. Kxf1 Qb4 24. Re2 Rc3 25. Rd2 Qc5 26. Kg2 Rc1 27. Qe2 Rb1 28. Rc2 Qe7 29. Qd3 Qe4+ 30. Qxe4 dxe4 31. Rc4 Kg7 32. b4 a6 33. Nc6 h5 34. Nb8 a5 35. b5 Rb2 36. Nc6 Bg5 37. Rxe4 f5 38. Re6 Kf7 39. Nd4 Rb4 40. Ra6 Rxa4 41. Nc6 Ra2 42. Rxa5 Rb2 43. Kf3 h4 44. Nd4 Be7 45. Ra7 Kf6 46. Rc7 Bd6 47. Rc6 Ke7 48. gxh4 Kd7 49. h5 1-0

[Event "Lleida-ch"]
[Site "Almenar"]
[Date "2018.09.30"]
[Round "1"]
[White "Alba Tarradelles, Jose"]
[Black "Sole Pijuan, Ferran"]
[Result "0-1"]
[WhiteElo "1822"]
[BlackElo "2229"]
[PlyCount "44"]
[EventDate "2018.09.30"]
[EventType "swiss"]
[EventRounds "9"]
[EventCountry "ESP"]
[SourceTitle "CBM 187 Extra"]
[Source "ChessBase"]
[SourceDate "2018.11.04"]
[SourceVersion "1"]
[SourceVersionDate "2018.11.04"]
[SourceQuality "1"]

1. d4 d5 2. c4 c6 3. Nc3 Nf6 4. Nf3 dxc4 5. e4 b5 6. a4 b4 7. Na2 Nxe4 8. Bxc4 e6 9. Qc2 Nf6 10. 0-0 Bd6 11. Bg5 Bb7 12. Rfe1 0-0 13. Nc1 Nbd7 14. Nd3 Qc7 15. Nfe5 c5 16. Bxf6 Nxf6 17. Nxc5 Bxc5 18. dxc5 Qxc5 19. Rad1 Rac8 20. Qb3 Ne4 21. Bxe6 Qxf2+ 22. Kh1 Rc3 0-1

[Event "Lleida-ch"]
[Site "Bellcaire"]
[Date "2016.11.27"]
[Round "9"]
[White "Gensana Berzunces, Joan"]
[Black "Alba Tarradelles, Jose"]
[Result "1-0"]
[WhiteElo "1944"]
[BlackElo "1855"]
[PlyCount "65"]
[EventDate "2016.10.02"]
[EventType "swiss"]
[EventRounds "9"]
[EventCountry "ESP"]
[SourceTitle "EXT 2018"]
[Source "ChessBase"]
[SourceDate "2017.10.13"]
[SourceVersion "1"]
[SourceVersionDate "2017.10.13"]
[SourceQuality "1"]

1. e4 e6 2. d4 d5 3. Bd3 c5 4. exd5 Qxd5 5. Nc3 Qxd4 6. Nf3 Qd8 7. Bf4 Nf6 8. 0-0 Be7 9. Qe2 0-0 10. Rad1 Nbd7 11. Rfe1 Qb6 12. Ne5 a6 13. Nc4 Qc6 14. Ne4 b5 15. Ne5 Nxe5 16. Nxf6+ gxf6 17. Be4 Qb6 18. Bxa8 Ng6 19. Bh6 Re8 20. Qf3 Kh8 21. Qc6 Qxc6 22. Bxc6 Rg8 23. Be3 f5 24. Bd2 e5 25. Bc3 f6 26. a3 e4 27. Bd7 Bb7 28. Be6 Rg7 29. Rd7 Nf4 30. Rxe7 Rxg2+ 31. Kf1 Rg6 32. Bxf5 Rh6 33. Rxb7 1-0

[Event "Lleida-ch"]
[Site "Bellcaire"]
[Date "2016.11.20"]
[Round "8"]
[White "Alba Tarradelles, Jose"]
[Black "Turuguet Lopez, Josep Lluis"]
[Result "1-0"]
[WhiteElo "1855"]
[BlackElo "1889"]
[PlyCount "69"]
[EventDate "2016.10.02"]
[EventType "swiss"]
[EventRounds "9"]
[EventCountry "ESP"]
[SourceTitle "EXT 2018"]
[Source "ChessBase"]
[SourceDate "2017.10.13"]
[SourceVersion "1"]
[SourceVersionDate "2017.10.13"]
[SourceQuality "1"]

1. d4 f5 2. c4 g6 3. Nc3 Bg7 4. g3 Nf6 5. Bg2 0-0 6. Nf3 d6 7. 0-0 c6 8. Re1 Qe8 9. e4 Nxe4 10. Nxe4 fxe4 11. Rxe4 Bf5 12. Rh4 e5 13. dxe5 dxe5 14. Qb3 Qe7 15. Bg5 Qf7 16. Bh6 Bxh6 17. Rxh6 Qf6 18. Qe3 Nd7 19. Ng5 Qd6 20. Nxh7 Rf7 21. Ng5 Rg7 22. Be4 Nf6 23. c5 Qd7 24. Bxf5 Qxf5 25. h3 Nd5 26. Qd2 e4 27. f4 Rd8 28. Rd1 Rdd7 29. g4 Qf6 30. Nxe4 Qe7 31. Qd4 Qf7 32. g5 Re7 33. Nf6+ Nxf6 34. gxf6 Re2 35. fxg7 1-0

[Event "Lleida Province-ch"]
[Site "Balaguer"]
[Date "2013.11.24"]
[Round "8"]
[White "Balasch Peries, Eduard"]
[Black "Alba Tarradelles, Jose"]
[Result "1-0"]
[WhiteElo "1729"]
[BlackElo "1888"]
[PlyCount "103"]
[EventDate "2013.10.06"]
[EventType "swiss"]
[EventRounds "9"]
[EventCountry "ESP"]
[SourceTitle "CBM 157 Extra"]
[Source "ChessBase"]
[SourceDate "2013.12.19"]
[SourceVersion "1"]
[SourceVersionDate "2013.12.19"]
[SourceQuality "1"]

1. c3 d5 2. d4 Nf6 3. Bf4 e6 4. e3 Nh5 5. Be5 Nf6 6. Nd2 Nbd7 7. Ngf3 Nxe5 8. Nxe5 a6 9. c4 c5 10. cxd5 Nxd5 11. Qa4+ Bd7 12. Nxd7 Qxd7 13. Qxd7+ Kxd7 14. Nc4 b5 15. Ne5+ Ke8 16. dxc5 Bxc5 17. a3 f6 18. Nd3 Ke7 19. Nxc5 Rhc8 20. Nb3 Rc2 21. Rb1 Rd8 22. Nd4 Rc7 23. Be2 e5 24. Nb3 b4 25. e4 Nf4 26. g3 Nxe2 27. Kxe2 Rc2+ 28. Kf1 bxa3 29. bxa3 Rd3 30. Kg2 Rcc3 31. Nc1 Rd2 32. Rb7+ Kf8 33. Nb3 Rb2 34. Rd1 Ke8 35. Nc5 Rxb7 36. Nxb7 Rxa3 37. Nd6+ Kf8 38. Rc1 g6 39. Rc7 Rd3 40. Rf7+ Kg8 41. Rxf6 a5 42. Nc4 Rd4 43. Nxa5 Rxe4 44. Rf3 Kg7 45. Nc6 g5 46. Re3 Rxe3 47. fxe3 e4 48. g4 Kf6 49. Kf2 h6 50. Ke2 h5 51. h3 hxg4 52. hxg4 1-0

[Event "Lleida Province-ch"]
[Site "Lleida"]
[Date "2012.11.11"]
[Round "7"]
[White "Palau Cabases, Albert"]
[Black "Alba Tarradelles, Jose"]
[Result "1-0"]
[WhiteElo "1916"]
[BlackElo "1907"]
[PlyCount "27"]
[EventDate "2012.10.07"]
[EventType "swiss"]
[EventRounds "9"]
[EventCountry "ESP"]
[SourceTitle "EXT 2015"]
[Source "ChessBase"]
[SourceDate "2014.11.20"]
[SourceVersion "1"]
[SourceVersionDate "2014.11.20"]
[SourceQuality "1"]

1. e4 e6 2. d4 d5 3. Nc3 Bb4 4. e5 c5 5. a3 Bxc3+ 6. bxc3 Ne7 7. Qh5 Bd7 8. Nf3 Ba4 9. Ng5 g6 10. Qf3 Nf5 11. g4 h6 12. gxf5 hxg5 13. fxg6 Bxc2 14. Qxf7# 1-0

[Event "Lleida Province-ch"]
[Site "Lleida"]
[Date "2012.11.04"]
[Round "6"]
[White "Alba Tarradelles, Jose"]
[Black "Degracia Burgues, Jose A"]
[Result "1-0"]
[WhiteElo "1907"]
[BlackElo "1875"]
[PlyCount "35"]
[EventDate "2012.10.07"]
[EventType "swiss"]
[EventRounds "9"]
[EventCountry "ESP"]
[SourceTitle "EXT 2015"]
[Source "ChessBase"]
[SourceDate "2014.11.20"]
[SourceVersion "1"]
[SourceVersionDate "2014.11.20"]
[SourceQuality "1"]

1. d4 e6 2. c4 f5 3. Nc3 Bb4 4. Nf3 Nf6 5. g3 b6 6. Bg2 Bb7 7. 0-0 Bxc3 8. bxc3 Ne4 9. Qc2 h5 10. Ng5 h4 11. Nxe4 hxg3 12. fxg3 d5 13. Ng5 Qf6 14. cxd5 Qh6 15. h4 Qg6 16. Nxe6 Nd7 17. Bg5 Nf6 18. Qxf5 1-0

[Event "Lleida Province-ch"]
[Site "Lleida"]
[Date "2012.11.01"]
[Round "5"]
[White "Villa Gimenez, Carmelo"]
[Black "Alba Tarradelles, Jose"]
[Result "0-1"]
[WhiteElo "2001"]
[BlackElo "1907"]
[PlyCount "72"]
[EventDate "2012.10.07"]
[EventType "swiss"]
[EventRounds "9"]
[EventCountry "ESP"]
[SourceTitle "EXT 2015"]
[Source "ChessBase"]
[SourceDate "2014.11.20"]
[SourceVersion "1"]
[SourceVersionDate "2014.11.20"]
[SourceQuality "1"]

1. d4 Nf6 2. c4 e6 3. Nc3 d5 4. cxd5 exd5 5. Bg5 Nbd7 6. e3 Be7 7. Bd3 0-0 8. Qc2 c6 9. Nf3 Re8 10. 0-0 Ne4 11. Bxe4 dxe4 12. Nxe4 Nf8 13. Bxe7 Qxe7 14. Ng3 Ng6 15. Rac1 Bg4 16. Nd2 h5 17. h3 h4 18. Nf5 Bxf5 19. Qxf5 Rad8 20. Qc5 Qd7 21. a3 a6 22. Nf3 Qe6 23. Qb6 Rd7 24. Rc5 Ree7 25. Nd2 Rd5 26. Nb3 Nf8 27. Rxd5 Qxd5 28. Nc5 Ne6 29. Nxb7 g5 30. Rc1 g4 31. hxg4 h3 32. f3 hxg2 33. Kxg2 Qg5 34. Rc3 f5 35. Qxc6 Nxd4 36. exd4 Qd2+ 0-1

[Event "Lleida Province-ch"]
[Site "Lleida"]
[Date "2012.10.07"]
[Round "1"]
[White "Trepat Herranz, Joan"]
[Black "Alba Tarradelles, Jose"]
[Result "1-0"]
[WhiteElo "2281"]
[BlackElo "1907"]
[PlyCount "43"]
[EventDate "2012.10.07"]
[EventType "swiss"]
[EventRounds "9"]
[EventCountry "ESP"]
[SourceTitle "EXT 2015"]
[Source "ChessBase"]
[SourceDate "2014.11.20"]
[SourceVersion "1"]
[SourceVersionDate "2014.11.20"]
[SourceQuality "1"]

1. e4 e6 2. d4 d5 3. Nd2 dxe4 4. Nxe4 Nd7 5. Bd3 Ngf6 6. Qe2 a6 7. Nf3 Be7 8. Nxf6+ Nxf6 9. 0-0 0-0 10. c3 b6 11. Bf4 Bb7 12. Rad1 Qd5 13. Bxc7 Qh5 14. Bg3 Rfd8 15. Ne5 Qg5 16. Rfe1 Nd5 17. Be4 b5 18. f4 Qh6 19. Ng4 Qh5 20. f5 g6 21. Bf3 Kf8 22. fxe6 1-0

[Event "Lleida Province-ch"]
[Site "Lleida"]
[Date "2011.11.27"]
[Round "8"]
[White "Sanuy Moncasi, Albert"]
[Black "Alba Tarradelles, Jose"]
[Result "0-1"]
[WhiteElo "1978"]
[BlackElo "1888"]
[PlyCount "158"]
[EventDate "2011.10.09"]
[EventType "swiss"]
[EventRounds "9"]
[EventCountry "ESP"]
[SourceTitle "EXT 2015"]
[Source "ChessBase"]
[SourceDate "2014.11.20"]
[SourceVersion "1"]
[SourceVersionDate "2014.11.20"]
[SourceQuality "1"]

1. d4 d5 2. Nf3 Nf6 3. Bg5 e6 4. e3 b6 5. Nbd2 Ba6 6. c4 dxc4 7. Nxc4 Bb4+ 8. Ncd2 Bxf1 9. Kxf1 Be7 10. Ne5 Qd5 11. Qe2 Nbd7 12. Nxd7 Qxd7 13. Bxf6 gxf6 14. g3 Qd5 15. Qf3 0-0-0 16. Qxd5 Rxd5 17. Ke2 c5 18. Rac1 Kb7 19. Nf3 Rhd8 20. Rc2 e5 21. e4 R5d6 22. dxc5 Rc6 23. Rhc1 Rxc5 24. Rxc5 Bxc5 25. Nh4 Bd4 26. b3 Rd7 27. Nf5 Bc5 28. f3 a5 29. Nh6 Bf8 30. Ng4 Be7 31. Ne3 Bd8 32. Nd5 f5 33. Rf1 Ka6 34. Rc1 fxe4 35. fxe4 Kb7 36. Rf1 Kc6 37. Rf5 Kd6 38. Rh5 f5 39. Rxf5 Rg7 40. Kf3 b5 41. Rh5 Bg5 42. h4 Bc1 43. Rf5 Bb2 44. g4 Kc5 45. g5 Kd4 46. Rf6 a4 47. bxa4 bxa4 48. Nb6 a3 49. Nc8 Rc7 50. Rd6+ Kc3 51. Nb6 Kc2 52. h5 Kb1 53. g6 Kxa2 54. Rd7 Rc3+ 55. Kg4 hxg6 56. hxg6 Rc6 57. g7 Rg6+ 58. Kf5 Rg3 59. Nc4 Kb1 60. Nxa3+ Bxa3 61. Rb7+ Kc2 62. Kf6 Bc1 63. Kf7 Rf3+ 64. Kg8 Bh6 65. Kh7 Bxg7 66. Kxg7 Kd3 67. Rb4 Rf4 68. Kg6 Rxe4 69. Rb3+ Kc4 70. Rb8 Rf4 71. Rd8 e4 72. Kg5 Rf7 73. Kg4 e3 74. Kg3 e2 75. Re8 Kd3 76. Rd8+ Kc2 77. Rc8+ Kd1 78. Rd8+ Ke1 79. Ra8 Kf1 0-1

[Event "Lleida Province-ch"]
[Site "Lleida"]
[Date "2011.10.23"]
[Round "4"]
[White "Alba Tarradelles, Jose"]
[Black "Palacios Exposito, Pedro"]
[Result "0-1"]
[WhiteElo "1888"]
[BlackElo "1876"]
[PlyCount "50"]
[EventDate "2011.10.09"]
[EventType "swiss"]
[EventRounds "9"]
[EventCountry "ESP"]
[SourceTitle "EXT 2015"]
[Source "ChessBase"]
[SourceDate "2014.11.20"]
[SourceVersion "1"]
[SourceVersionDate "2014.11.20"]
[SourceQuality "1"]

1. d4 Nf6 2. c4 c5 3. d5 b5 4. cxb5 a6 5. bxa6 Bxa6 6. Nc3 Qa5 7. Bd2 Qb6 8. Qc2 e6 9. dxe6 fxe6 10. Nf3 Nc6 11. g3 Rc8 12. Bg2 Nd4 13. Qc1 Be7 14. 0-0 Bxe2 15. Nxd4 Bxf1 16. Nxe6 Bxg2 17. Nxg7+ Kf7 18. Kxg2 Kxg7 19. Bh6+ Kf7 20. Qf4 Qd6 21. Qc4+ Qe6 22. Qf4 Bd6 23. Qf3 Rhg8 24. Rd1 Rc6 25. Ne4 Qxe4 0-1

[Event "Lleida Province-ch"]
[Site "Almenar"]
[Date "2010.10.??"]
[Round "5"]
[White "Alba Tarradelles, Jose"]
[Black "Biosca Lacasa, Jordi"]
[Result "1-0"]
[WhiteElo "1908"]
[BlackElo "1955"]
[PlyCount "55"]
[EventDate "2010.10.10"]
[EventType "swiss"]
[EventRounds "9"]
[EventCountry "ESP"]
[SourceTitle "EXT 2015"]
[Source "ChessBase"]
[SourceDate "2014.11.20"]
[SourceVersion "1"]
[SourceVersionDate "2014.11.20"]
[SourceQuality "1"]

1. d4 d5 2. c4 c6 3. Nc3 Nf6 4. Nf3 Bf5 5. Qb3 Qb6 6. Qxb6 axb6 7. cxd5 cxd5 8. e3 Nc6 9. Bb5 e6 10. Ne5 Rc8 11. f3 Be7 12. g4 Bg6 13. h4 h6 14. Nxg6 fxg6 15. Bd2 0-0 16. 0-0-0 Ne8 17. f4 Nd6 18. Bd3 Nb4 19. Bxg6 Nxa2+ 20. Kb1 Nxc3+ 21. Bxc3 Nc4 22. Rh3 b5 23. g5 b4 24. Be1 Rc6 25. gxh6 gxh6 26. b3 Na3+ 27. Kb2 Rc2+ 28. Bxc2 1-0

[Event "Lleida Province-ch"]
[Site "Almenar"]
[Date "2010.10.??"]
[Round "9"]
[White "Alba Tarradelles, Jose"]
[Black "Palau Cabases, Albert"]
[Result "0-1"]
[WhiteElo "1908"]
[BlackElo "1922"]
[PlyCount "68"]
[EventDate "2010.10.10"]
[EventType "swiss"]
[EventRounds "9"]
[EventCountry "ESP"]
[SourceTitle "EXT 2015"]
[Source "ChessBase"]
[SourceDate "2014.11.20"]
[SourceVersion "1"]
[SourceVersionDate "2014.11.20"]
[SourceQuality "1"]

1. d4 Nf6 2. c4 c5 3. d5 b5 4. cxb5 a6 5. bxa6 Bxa6 6. Nc3 d6 7. e4 Bxf1 8. Kxf1 g6 9. g3 Nbd7 10. f4 Bg7 11. Kg2 0-0 12. Nf3 Qc7 13. Re1 Rfb8 14. Re2 c4 15. Be3 Ng4 16. Bd4 Nc5 17. Bxg7 Kxg7 18. Qd4+ Kg8 19. Rb1 Na4 20. h3 Nf6 21. b3 Nxc3 22. Qxc3 Rb7 23. Rc1 Nxe4 24. Rxe4 Rxa2+ 25. Kf1 Qd7 26. Ng5 cxb3 27. Rc4 Rb8 28. Rb4 Rxb4 29. Qxb4 Qa7 30. Ne4 Qa6+ 31. Kg1 Qe2 32. Rc8+ Kg7 33. Qd4+ f6 34. Nf2 b2 0-1

[Event "Lleida Province-ch"]
[Site "Almenar"]
[Date "2010.10.??"]
[Round "6"]
[White "Parramon Guillaumet, Jaime"]
[Black "Alba Tarradelles, Jose"]
[Result "1-0"]
[WhiteElo "1928"]
[BlackElo "1908"]
[PlyCount "87"]
[EventDate "2010.10.10"]
[EventType "swiss"]
[EventRounds "9"]
[EventCountry "ESP"]
[SourceTitle "EXT 2015"]
[Source "ChessBase"]
[SourceDate "2014.11.20"]
[SourceVersion "1"]
[SourceVersionDate "2014.11.20"]
[SourceQuality "1"]

1. e4 e6 2. d4 d5 3. Nd2 dxe4 4. Nxe4 Nd7 5. Nf3 Ngf6 6. Bd3 Be7 7. Nxf6+ Nxf6 8. 0-0 0-0 9. Qe2 c5 10. dxc5 Bxc5 11. Bg5 Be7 12. Bxf6 Bxf6 13. c3 Qc7 14. Rad1 a6 15. Rfe1 Bd7 16. Ne5 Rfd8 17. Bxh7+ Kf8 18. Bc2 Bb5 19. Nd3 Ke7 20. Qe3 Bxd3 21. Rxd3 Rxd3 22. Qxd3 Rd8 23. Qe2 Rd5 24. Bb3 Re5 25. Qd2 Qc5 26. Rxe5 Bxe5 27. g3 Qc6 28. Qe2 Qc5 29. Qf3 Qb5 30. Qe4 Bf6 31. Kg2 a5 32. Qc4 Qxc4 33. Bxc4 b6 34. f4 a4 35. a3 Kd6 36. Bb5 e5 37. Kf3 exf4 38. gxf4 g5 39. h3 gxf4 40. Kxf4 Be5+ 41. Ke4 Bg7 42. Bxa4 Kc5 43. Be8 Kc4 44. Bxf7+ 1-0